Football team names with Buildings in them 🏴󠁧󠁢󠁥󠁮󠁧󠁿⚽ - Statistics

General Stats
  • This quiz has been taken 110 times
  • The average score is 4 of 10
Answer Stats
Hint Answer % Correct
The latest stone fort Newcastle United
66%
Jewel of a mansion Crystal Palace
62%
Midlands holiday home Aston Villa
53%
Shipping entry point Newport CountyPortsmouth Port Vale Stockport County
53%
Make flour here, behind a brick barrier Millwall
43%
University river crossing Cambridge United
42%
Farm storage BarnsleyBarnet
38%
Reload here Arsenal
35%
Distressing doorway (this town is famous for its tearooms) Harrogate Town
22%
A young joker at a big church/cathedral Kidderminster Harriers
9%
No matching quizzes found
Score Distribution
Percent of People with Each Score
Percentile by Number Answered
Your Score History
You have not taken this quiz